00224nam a2200085 a 450000500170000000800410001724500550005826000120011304000130012520200930065641.0110718s2004 000 spa d 0aMéxico, Guatemala, El Salvador, Honduras y Cuba. c[s.f.]. aDO-SdBNP